| 000 | 00955nam a22002897a 4500 | ||
|---|---|---|---|
| 001 | BR7701667 | ||
| 003 | BR-BrBNA | ||
| 005 | 20230928085231.0 | ||
| 007 | ta | ||
| 008 | 230509b bl.||||| |||| 00| 0 por d | ||
| 040 |
_aBR-BrBNA _bpor _cBiblioteca Nacional de Agricultura |
||
| 041 | _a(Por) | ||
| 072 |
_aF25 _b0311 _b3801 _b/G514 |
||
| 090 | _ 0311 BR7701667 | ||
| 100 | 1 | _aSantos, Z.G. dos | |
| 110 | 1 |
_aEscola Superior de Agricultura Luiz de Queiroz, Piracicaba, SP (Brasil) _0Tese (Mestrado) |
|
| 245 | 1 | _aAvaliacao da fertilidade dos solos da regiao produtora de coco do estado de Sergipe atraves a tecnica de micro-parcelas [Cocus nucifera; Brasil] | |
| 260 | 3 |
_aPiracicaba, SP (Brasil): _c1976. |
|
| 300 | _a60 p. | ||
| 500 | _a13 tables; 37 ref.; Summaries (Eng, Por); Microficha | ||
| 650 | _aCoco | ||
| 650 | _aAnalise do solo | ||
| 650 | _aAdubacao | ||
| 650 | _aSergipe | ||
| 909 |
_a202309 _bLucia _c55 _dLucia Elande |
||
| 942 | _cBK | ||
| 999 |
_c23412 _d23412 |
||